000 00307nam a22001337a 4500
003 SGT
020 _a9789349202979
082 _a370,YAD
100 _aYADAV,PRIYANKA
245 _aEQUITABLE AND INCLUSIVE EDUCATION
260 _aNEW DELHI
_bVR BOOK INTERNATIONAL
_c2025
300 _a107
942 _2ddc
_cBK
999 _c30669
_d30669